00999nam a2200253Ia 4500001001100000003000800011006001900019007001500038008004100053040002100094035002100115050002500136100002900161245009200190260004200282300001000324533015200334650004700486650002600533655002900559710001700588856012500605999001500730ebr5000689CaPaEBRm u cr cn|||||||||010426s2001 ncu s 000 0 eng d aCaPaEBRcCaPaEBR a(OCoLC)68063231314aNX180.S3bH86 2001eb1 aHume, David,d1711-1776.10aOf the rise and progress of the arts and sciencesh[electronic resource] /cDavid Hume. aRaleigh, NC :bAlex Catalogue,c2001. a17 p. aElectronic reproduction.bPalo Alto, Calif. :cebrary,d2010.nAvailable via World Wide Web.nAccess may be limited to ebrary affiliated libraries. 0aScience and the artsvEarly works to 1800. 0aPhilosophy, Scottish. 7aElectronic books.2local2 aebrary, Inc.40uhttp://site.ebrary.com/lib/rucke/Doc?id=5000689zAn electronic book accessible through the World Wide Web; click to view c2936d2936